00531nam a2200193 a 4500001001300000003000900013005001700022008004100039020000900080082001800089100001900107245004500126260002500171300000800196500003500204505005000239650002900289700001900318nice12345678IN_TiNIC20260116013304.0050524s1992 dela grp 000 0 eng  ac3000a261.8362bPUS aPushparajan, A aEcological World-View for a Just Society aDelhi bISPCK c1992 a75p aincludes index and biblioraphy2 aGlossary, Dates of Texts, Bibliography, Index aEcology and Christianity1 aPushparajan, A